000 00532nmm a2200193Ia 4500
008 251105s9999||||xx |||||||||||||||||und||
020 _a9788433915221
041 _acat
100 _aRàfols Gesa, Ferran
245 0 _aNo plorar
264 _a[Madrid, España] :
_bEditorial Anagrama,
_c2015
300 _a216 páginas
490 _aLlibres Anagrama
650 _aFrench narrative
700 _aRàfols Gesa, Ferran
700 1 _a Salvayre, Lydie
856 _uhttps://public.digitaliapublishing.com/a/48978
942 _cCF
999 _c70299
_d70299